000 00840nab a2200253 u 4500
001 16101
003 HDC
007 cr bn ---aaaaa
008 210221c mydr|noo 0 a may d
040 _aHDC
100 _aWan Marzuki Wan Ramli
_eauthor
_916036
245 0 _aTiga bahaya besar jika makanan tidak halal /
_cby Wan Marzuki Wan Ramli
260 _aMalaysia:
_bBerita Harian,
_c2003
336 _atext
_2rdacontent
337 _acomputer
_2rdamedia
338 _aonline resource
_2rdacarrier
650 _ahalal issues
_91644
650 _aHalal products
_9642
710 _aBerita Harian
856 _zRequest full-text at [email protected]
942 _2lcc
942 _cNEWS
942 _kNSWO 008389
999 _c13417
_d13417